000 00579nam a2200193Ia 4500
005 20260120125947.0
008 008 260114s9999 xx 000 0 eng d
020 _a9780190993962
037 _aEBOOK
040 _aCRL
_beng
_cCRL
041 _aeng
_2eng
084 _qCRL
100 _aDutta
_9909393
245 0 _aMaking Officers out of Gentlemen: Military Institution-Building in India, c. 1900-1960
260 _bOUPOxford University Press
_c2021
856 _uhttp://dx.doi.org/10.1093/oso/9780190130220.001.0001
942 _cEBOOK
999 _c1501292
_d1501292